| 000 | 00448cam a2200181ua 4500 | ||
|---|---|---|---|
| 020 | _c60.00 | ||
| 041 |
_aeng _h |
||
| 082 |
_a501 _bNEW/SC |
||
| 100 | _aNewman, James R . | ||
| 245 |
_aScience and sensibility, Vol 1 / _cJames R Newman. _hTextual Documents |
||
| 260 |
_aNew York : _bSimon and Schuster , _c1961. |
||
| 300 | _a372 ; . | ||
| 365 | _a60.00 | ||
| 500 | _a**Reference | ||
| 504 | _a | ||
| 942 | _cBK | ||
| 999 |
_c7953 _d7953 |
||